Čo skrývajú nezvyčajné názvy povolaní - Facility manager

Metódy, ako v organizáciach vzájomne zladiť pracovníkov, pracovné činnosti a prostredie, ktoré zahŕňa princípy obchodnej administratívy, architektúry a technických vied. Hlavné úlohy a pracovné činnosti facility manažéra.

Uložené v:
Podrobná bibliografia
Hlavný autor: Ševčíková, Kamila
Médium: Kapitola
Jazyk:Slovak
Predmet:
Tagy: Pridať tag
Žiadne tagy, Buďte prvý, kto otaguje tento záznam!

MARC

LEADER 00000naa a2200000 4500
001 0165786
005 20230912102423.2
041 0 |a slo 
044 |a SK 
245 1 0 |a Čo skrývajú nezvyčajné názvy povolaní - Facility manager  |c Kamila Ševčíková 
520 |a Metódy, ako v organizáciach vzájomne zladiť pracovníkov, pracovné činnosti a prostredie, ktoré zahŕňa princípy obchodnej administratívy, architektúry a technických vied. Hlavné úlohy a pracovné činnosti facility manažéra. 
610 2 0 |a manažéri 
610 2 0 |a manažment 
610 2 0 |a facility management 
610 2 0 |a procesy pomocné a obslužné 
610 2 0 |a odbornosť 
610 2 0 |a náročnosť profesionálna 
100 1 |a Ševčíková, Kamila